Hướng dẫn xây dựng và thực hiện kế hoạch giáo dục theo chủ đề (Trẻ 24-36 tháng)

সংরক্ষণ করুন:
গ্রন্থ-পঞ্জীর বিবরন
অন্যান্য লেখক: Bùi, Thị Kim Tuyến, Hoàng, Thị Thu Hương, Lý, Thu Hiền, Lương, Thị Bình, Nguyễn, Thị Sinh Thảo, Vũ, Yến Khanh, Phùng, Thị Tường, Trần, Thị Ngọc Trâm (Chủ biên)
বিন্যাস: গ্রন্থ
প্রকাশিত: Hà Nội Giáo dục 2015
সংস্করন:Tái bản lần thứ 5
বিষয়গুলি:
ট্যাগগুলো: ট্যাগ যুক্ত করুন
কোনো ট্যাগ নেই, প্রথমজন হিসাবে ট্যাগ করুন!
Thư viện lưu trữ: Trung tâm Học liệu Lê Vũ Hùng, Trường Đại học Đồng Tháp
LEADER 01201pam a22003378a 4500
001 00044723
005 20190927150937.0
008 170517s2010 ||||||Viesd
020 # # |c 0 
041 0 # |a Vie 
082 1 4 |a 372.21  |b H561D 
245 1 0 |a Hướng dẫn xây dựng và thực hiện kế hoạch giáo dục theo chủ đề (Trẻ 24-36 tháng)  |c Trần Thị Ngọc Trâm (ch.b); ...[và những người khác] 
250 # # |a Tái bản lần thứ 5 
260 # # |a Hà Nội  |b Giáo dục  |c 2015 
300 # # |a 139 tr.  |c 27 cm 
653 # # |a Giáo dục 
653 # # |a Chủ đề 
653 # # |a Chương trình 
653 # # |a Mầm non 
653 # # |a Xây dựng 
700 1 # |a Bùi, Thị Kim Tuyến 
700 1 # |a Hoàng, Thị Thu Hương 
700 1 # |a Lý, Thu Hiền 
700 1 # |a Lương, Thị Bình 
700 1 # |a Nguyễn, Thị Sinh Thảo 
700 1 # |a Vũ, Yến Khanh 
700 1 # |a Phùng, Thị Tường 
700 1 # |a Trần, Thị Ngọc Trâm  |e Chủ biên 
852 # # |j KD.0025387 
910 # # |d 27/9/2019 
980 # # |a Trung tâm Học liệu Lê Vũ Hùng, Trường Đại học Đồng Tháp